000 00568nam a2200145Ia 4500
008 231221s9999 xx 000 0 und d
041 _aEnglish
082 _aCPEC12-354
100 _aManikandan, J. Agrawal, V K. Krishnamurthy, V.
245 0 _aDifferent approaches of Designing an E-nose
260 _c2012
500 _aDifferent approaches of Designing an E-nose,National conference on Olfaction and E-nose, 20-21 april 2012, PESIT, BangaloreProf.J.Manikandan,Prof.V.K.Agrawal, Prof.V.Krishnamurthy,1-4.
650 _aDifferent,Designing,E-nose
942 _cIR
999 _c217801
_d217801